000 00314nam a2200121Ia 4500
008 250110s9999 xx 000 0 und d
041 _aeng
100 _aPatil Pooja
245 _aCultural Centre Pune
260 _bFinal Year B. Arch, BNCA
_c2014
300 _a130p
700 _aGuide Name:Gokhale Vasudha
_9210261
999 _c363453
_d363453